01975nam a22002777a 4500003000900000008004100009040007100050082002200121245008200143260008100225300004500306440003800351505100800389650001501397650001501412650002201427650001601449650001801465650001001483700003101493700003301524700003201557700002801589700002501617710005501642AR-CdUCM190425b ||||| |||| 00| 0 spa d aMUNICIPALIDAD PROVINCIAL DEL CUSCOcBIBLIOTECA MUNICIPAL DEL CUSCO aCantua/N°13/2006 aRevista Cantua /cÓrgano del Centro de estudiantes de Ciencias Biológicas aCusco :bÓrgano del Centro de estudiantes de Ciencias Biológicas,c2006. a69 páginas. :bilustraciones ;c29 cm. aCantuanNúmero 13, año 2006. aContenido: Determinación del número cromosómico y cariotipo del K´aspicuro. -- Bioinformática ciencia y herramienta. -- Valoración económica de la Mazasamba especie promisoria del Valle de La Convención Cuso. -- Flora Arbustiva de la microcuenca de Cachimayo Cusco. -- Evaluación de la flora en los sectores de Qorihuayrachina, Runcuracay y Cruzpata Santuario Histórico de Machupicchu. -- Contribución al conocimiento de la familia cactaceae en la micro cuenca del río Lucre. -- Bioindicadores reofilos del río Saphy Cusco. -- Biodiversidad y cultura aliados del ecoturismo caso comunidad de Santa Rosa de Huacaría RBM. -- Contaminación de aguas recreacionales termales en el departamento del Cusco. -- Evaluación del impacto ambiental de la actividad artesanal para el turismo en Ccorao. -- Diversidad de Macromicetos en la microcuenca de K´ayra Cusco. -- Cambio climático en el Valle del Cusco. -- Vulnerabilidad ambiental del Santuario Histórico de Machupicchu... aBiología aEcología aImpacto Ambiental aMachupicchu aBiodiversidad aCusco aTupayachi Herrera, Alfredo aTupayachi Madera, Emperatriz aCorimanya Aucca Pacha, Jeny aMuñiz Duran, Griselda aVera Ferchau, Ingrid aUniversidad Nacional de San Antonio Abad del Cusco